• 首页
  • 本馆介绍
  • 公告通知
  • 最新文献
  • 馆藏检索
  • 电子资源
  • 读者导购
  • 参考咨询
  • 我的图书馆
  • 登录
  • 详细信息显示
  • 放入我的书架
  • 预约/预借图书
  • 作者相关作品
  • 分类相关作品
  • 丛书相关作品
  • 出版社相关作品

书目信息

  • 表格格式
  • 工作单格式
  • 卡片格式
题名:
我是如何战胜胃病的
    
 
作者: 张学军 主编 ;许建明 编著
分册:  
出版信息: 北京   人民卫生出版社  2003
页数: 167页
开本: 20cm
丛书名:
单 册:
中图分类: R573
科图分类:
主题词: 胃疾病 , 康复 , 胃疾病--康复
电子资源:
ISBN: 7-117-05569-3
000 00958nam0 2200265 450
001 002496736
005 20061107093916.25
010    @a7-117-05569-3@dCNY10.00
100    @a20031107d2003 em y0chiy0110 ea
101 0  @achi
102    @aCN@b110000
105    @aa z 000yy
200 1  @a我是如何战胜胃病的@9wo shi ru he zhan sheng wei bing de@e胃病病人康复与养生指导@f张学军主编@g许建明等编著
210    @a北京@c人民卫生出版社@d2003
215    @a167页@c插图@d20cm
330    @a本书共分慢性胃炎篇与消化性溃疡篇两大部分,系统介绍了慢性胃炎与溃疡病的基本知识、检查诊断方法及治疗方法,重点介绍了康复养生保健方面的知识。
517 1  @a胃病病人康复与养生指导@9wei bing bing ren kang fu yu yang sheng zhi dao
606 0  @a胃疾病
606 0  @a康复
606 0  @a胃疾病@x康复
690    @aR573@v4
701  0 @a张学军@9zhang xue jun@c(医学)@4主编
702  0 @a许建明@9xu jian ming@c(内科学)@4编著
801  0 @aCN@bNLC@c20061107
905    @a10447@dR573@e79
    
    我是如何战胜胃病的:胃病病人康复与养生指导/张学军主编/许建明等编著.-北京:人民卫生出版社,2003
    167页:插图;20cm
    
    
    ISBN 7-117-05569-3:CNY10.00
    本书共分慢性胃炎篇与消化性溃疡篇两大部分,系统介绍了慢性胃炎与溃疡病的基本知识、检查诊断方法及治疗方法,重点介绍了康复养生保健方面的知识。
●
相关链接 在E读中查询图书 在五车中查询图书 在当当中查询图书 在豆瓣中查询图书


正题名:我是如何战胜胃病的     索取号:R573/79         预约/预借

序号 登录号 条形码 馆藏地/架位号 状态 备注
1 0382015   203820151   第二样本阅览室/ [索取号:R573/79] 在馆    
2 0382016   203820160   教育系资料室/ [索取号:R573/79] 在馆    
3 0382017   203820179   第三借阅区/ [索取号:R573/79] 在馆    
4 0382018   203820188   教育系资料室/ [索取号:R573/79] 在馆    
5 0382019   203820197   第三借阅区/ [索取号:R573/79] 在馆    
唐山师范学院图书馆 欢迎您!
大连网信软件有限公司© 版权所有